Geschichte nach Buchstabe - C - Statistiken

Allgemein
  • Dieses Quiz wurde 11.434 mal gespielt
  • Das Durchschnittsergebnis liegt bei 13 aus 24
Antwortstatistiken
Hinweis Antwort % Korrekt
An den Iden des März erstochen Julius Caesar
94%
Vorherrschende Religion in Europa Christentum
87%
Nachname der Kubaner Raúl und Fidel Castro
85%
Britischer Premierminister, 1940-1945 Winston Churchill
84%
Einst Karl-Marx-Stadt genannt Chemnitz
82%
Das Reich der Mitte China
82%
Augusto Pinochet war Diktator dieses Landes Chile
79%
Getränk, das 1886 in Georgia erfunden wurde Coca-Cola
77%
Polnisch-französische Entdeckerin des Poloniums Marie Curie
65%
Verbund ehemaliger britischer Kolonien {Commonwealth} of Nations
64%
Berühmter Konsul und Redner Roms Cicero
48%
Raumfähre, die 1986 nach dem Start abstürzte Challenger
44%
Britischer Entdecker, starb auf Hawaii James Cook
43%
Früherer Name von Sri Lanka Ceylon
42%
Fluss, der durch den Hoover Dam aufgestaut wird Colorado River
41%
Größtes Indianervolk, im Südosten der USA zu finden Cherokee
34%
Tramp, der Große Diktator Charlie Chaplin
32%
Napoleonisches Gesetzbuch, teilweise heute noch gültig Code Civil
30%
Genfer Theologe und Begründer einer nach ihm benannten theologischen Bewegung John Calvin
29%
Wahnsinniger römischer Kaiser, der auf Tiberius folgte Caligula
28%
Lordprotektor Englands, 1653-1658 Oliver Cromwell
25%
Eroberer des Aztekenreiches Hernán Cortés
24%
Starb in der Schlacht am Little Bighorn George Custer
19%
Vorname des Imperialisten Rhodes Cecil
14%
Keine übereinstimmenden Quizze gefunden
Verteilung der Resultate
Anzahl Personen mit jedem Resultat
Perzentil nach korrekt beantworteten Fragen
Ihre Resultats-Entwicklung
Sie haben dieses Quiz noch nicht gespielt